000 005800000a22001810004500
003 MACL
005 20160413164040.0
008 160413b xxu||||| |||| 00| 0 eng d
040 _aMACL
_cMACL
041 _aHindi
082 _a650
100 _aडॉ बेला भार्गव
_952315
245 _aघरेलू बजट एवं क्रय शक्ति प्रबन्‍ध
260 _bजैना पब्लिशर्स
_c2004
_aजयपुर
350 _a175
650 _aHome Economics & Family Living
_952040
942 _cHIN
_k650
_2ddc
999 _c17902
_d17902